All civilisations in the Age of Empires series - Statistics

General Stats
  • This quiz has been taken 369 times
    339 since last reset
  • The average score is 55 of 93
Answer Stats
Group Release Answer % Correct
Age of Empires II The Age of Kings Franks
93%
Age of Empires II The Age of Kings Britons
92%
Age of Empires I Age of Empires Shang
90%
Age of Empires II The Age of Kings Chinese
89%
Age of Mythology Tale of the Dragon Chinese
89%
Age of Empires III The Asian Dynasties Chinese
89%
Age of Empires IV Age of Empires IV Chinese
89%
Age of Empires IV Age of Empires IV Rus
88%
Age of Empires II The Conquerors Spanish
88%
Age of Empires III Age of Empires III Spanish
88%
Age of Empires III Age of Empires III French
87%
Age of Empires IV Age of Empires IV French
87%
Age of Empires II The African Kingdoms Portuguese
86%
Age of Empires III Age of Empires III Portuguese
86%
Age of Empires I Age of Empires Yamato
86%
Age of Empires II The Age of Kings Byzantines
85%
Age of Empires II The Age of Kings Japanese
85%
Age of Empires III The Asian Dynasties Japanese
85%
Age of Empires I Age of Empires Egyptians
84%
Age of Mythology Age of Mythology Egyptians
84%
Age of Empires I Age of Empires Greeks
84%
Age of Mythology Age of Mythology Greeks
84%
Age of Empires I The Rise of Rome Romans
82%
Age of Empires IV Age of Empires IV Holy Roman Empire
80%
Age of Empires II The Age of Kings Mongols
80%
Age of Empires IV Age of Empires IV Mongols
80%
Age of Empires III Age of Empires III Ottomans
79%
Age of Empires II The Age of Kings Teutons
79%
Age of Empires I Age of Empires Persians
77%
Age of Empires II The Age of Kings Persians
77%
Age of Empires II The Forgotten Slavs
77%
Age of Empires IV Age of Empires IV Delhi Sultanate
75%
Age of Empires III Age of Empires III Dutch
75%
Age of Empires II The Forgotten Indians / Hindustanis
75%
Age of Mythology Age of Mythology Norse
75%
Age of Empires III Age of Empires III Germans
74%
Age of Empires III The Asian Dynasties Indians
74%
Age of Empires II The Forgotten Italians
71%
Age of Empires III Knights of the Mediterranean Italians
71%
Age of Empires III Age of Empires III Russians
71%
Age of Empires II The Age of Kings Vikings
71%
Age of Empires II The Age of Kings Turks
67%
Age of Empires III [sold as separate DLC] United States
67%
Age of Empires I Age of Empires Choson
66%
Age of Empires II The Conquerors Koreans
66%
Age of Empires III Definitive Edition Incas
65%
Age of Empires II The Conquerors Aztecs
64%
Age of Empires III The War Chiefs Aztecs
64%
Age of Empires II The Conquerors Mayans
64%
Age of Empires IV Age of Empires IV English
62%
Age of Empires III Age of Empires III British
61%
Age of Empires III Definitive Edition Swedes
60%
Age of Empires II Dawn of the Dukes Poles
59%
Age of Empires II The African Kingdoms Ethiopians
56%
Age of Empires III The African Royals Ethiopians
56%
Age of Empires II Rise of the Rajas Vietnamese
56%
Age of Empires II The Forgotten Magyars
55%
Age of Empires II The African Kingdoms Malians
54%
Age of Empires I Age of Empires Babylonians
50%
Age of Empires II Rise of the Rajas Khmer
50%
Age of Empires I Age of Empires Assyrians
49%
Age of Empires II The Age of Kings Celts
48%
Age of Empires I The Rise of Rome Carthaginians
47%
Age of Empires II The Conquerors Huns
46%
Age of Empires I The Rise of Rome Macedonians
44%
Age of Empires III [sold as separate DLC] Mexicans
43%
Age of Empires II Rise of the Rajas Malay
42%
Age of Empires II Definitive Edition Bulgarians
40%
Age of Empires II The Age of Kings Goths
40%
Age of Empires II Dawn of the Dukes Bohemians
39%
Age of Empires I Age of Empires Phoenicians
39%
Age of Empires II Lords of the West Sicilians
39%
Age of Empires III The War Chiefs Iroquois / Haudenosaunee
38%
Age of Empires II Definitive Edition Lithuanians
35%
Age of Empires II Rise of the Rajas Burmese
34%
Age of Empires III Knights of the Mediterranean Maltese
34%
Age of Empires IV Age of Empires IV Abbasid Dynasty
32%
Age of Empires III The War Chiefs Sioux / Lakota
32%
Age of Empires I Age of Empires Sumerians
31%
Age of Empires II The African Kingdoms Berbers
30%
Age of Empires II The Forgotten Incas
30%
Age of Empires II The Age of Kings Saracens
29%
Age of Empires I Age of Empires Hittites
28%
Age of Empires II Definitive Edition Tatars
26%
Age of Empires II Dynasties of India Bengalis
21%
Age of Empires II Lords of the West Burgundians
20%
Age of Empires II Definitive Edition Cumans
19%
Age of Mythology The Titans Atlanteans
17%
Age of Empires I Age of Empires Minoans
17%
Age of Empires II Dynasties of India Dravidians
15%
Age of Empires II Dynasties of India Gurjaras
14%
Age of Empires I The Rise of Rome Palmyrans
13%
Age of Empires III The African Royals Hausa
11%
No matching quizzes found
Score Distribution
Percent of People with Each Score
Percentile by Number Answered
Your Score History
You have not taken this quiz since the last reset